LEADER 01071nam 2200337 450 001 996280165303316 005 20180228102124.0 035 $a(CKB)3710000000835903 035 $a(WaSeSS)IndRDA00092842 035 $a(EXLCZ)993710000000835903 100 $a20180228d2016 || | 101 0 $aeng 135 $aur||||||||||| 181 $ctxt$2rdacontent 182 $cc$2rdamedia 183 $acr$2rdacarrier 200 10$a1987 Symposium on VLSI Circuits $edigest of technical papers : 1987 VLSI : Circuits Symposium Karuizawa 210 1$aNew York :$cIEEE,$d2016. 215 $a1 online resource (118 pages) 300 $aIncludes index. 311 $a1-5090-3150-2 606 $aIntegrated circuits$xVery large scale integration$vCongresses 606 $aComputers$xCircuits$vCongresses 615 0$aIntegrated circuits$xVery large scale integration 615 0$aComputers$xCircuits 801 0$bWaSeSS 801 1$bWaSeSS 906 $aBOOK 912 $a996280165303316 996 $a1987 Symposium on VLSI Circuits$92502298 997 $aUNISA LEADER 01790nam0 22003973i 450 001 VAN00255670 005 20251118040554.575 017 70$2N$a9783030978105 100 $a20230309d2022 |0itac50 ba 101 $aeng 102 $aCH 105 $a|||| ||||| 181 $ai$b e 182 $ab 183 $acr 200 1 $aEnvironmental Applications of Remote Sensing and GIS in Libya$feditor Hamdi A. Zurqani 210 $aCham$cSpringer$d2022 215 $aXVI, 249 p.$cill.$d24 cm 620 $aCH$dCham$3VANL001889 676 $a624.151$cIngegneria strutturale e tecnica delle costruzioni sotterranee - Tecnica delle fondazioni. Ingegneria geotecnica$v22 676 $a550$cScienze della terra e geologia - Geofisica$v22 676 $a910.02$cGeografia fisica$v22 676 $a910$cGeografia generale$v22 676 $a670.285$cApplicazioni del computer$v22 702 1$aZurqani$bHamdi A.$3VANV197355 712 $aSpringer $3VANV108073$4650 790 1$aZurqani, H. A.$zZurqani, Hamdi A.$3VANV202918 790 1$aZurqani, H.A.$zZurqani, Hamdi A.$3VANV202919 801 $aIT$bSOL$c20251121$gRICA 856 4 $uhttps://link.springer.com/book/10.1007/978-3-030-97810-5$zE-book - Accesso al full-text attraverso riconoscimento IP di Ateneo, proxy e/o Shibboleth 899 $aBIBLIOTECA DEL DIPARTIMENTO DI SCIENZE E TECNOLOGIE AMBIENTALI BIOLOGICHE E FARMACEUTICHE$1IT-CE0101$2VAN17 912 $fN 912 $aVAN00255670 950 $aBIBLIOTECA DEL DIPARTIMENTO DI SCIENZE E TECNOLOGIE AMBIENTALI BIOLOGICHE E FARMACEUTICHE$d17CONS e-book 2307 $e17BIB2307/335 335 20230309 $sBuono 996 $aEnvironmental Applications of Remote Sensing and GIS in Libya$92889787 997 $aUNICAMPANIA